Представление документа в формате RUSMARC

ПолеНазваниеЗначение
  Тип записи c
  Библиографический уровень m
001 Контрольный номер UONB/MAIN/9a8846f0218d47d48140a192e4c1e647
005 Дата корректировки 20240717145932.7
100 Данные общей обработки __
a Данные общей обработки 20221124g2005 u##y0rusy0189## ca
101 Язык документа 0_
a Язык текста rus
f Язык титульного листа rus
102 Страна публикации __
a Страна публикации RU
200 Заглавие и сведения об ответственности 1_
a Заглавие Произведения чувашских композиторов в классе баяна
e Сведения, относящиеся к заглавию учеб. пособие
e Сведения, относящиеся к заглавию хрестоматия пед. репертуара
203 Вид содержания и тип средства __
a Вид содержания Музыка
b Характеристика содержания знаковая
c Тип средства непосредственная
210 Выходные данные 1_
a Место издания Чебоксары
c Издательство Чуваш. гос. пед. ун-т
d Дата издания 2005 -
215 Физическое описание __
d Формат 29 см
686 Индексы других классификаций __
a Классификационный индекс 85
2 Код системы rubbk
710 Наименование организации. (Первичная ответственность) 02
a Организация/ юрисдикция Министерство образования и науки РФ, Фед. агентство по образованию, ГОУ ВПО "Чувашский гос. пед. университет им. И. Я. Яковлева"
801 Источник записи _0
a Страна RU
b Организация Ульяновская ОНБ
c Дата составления 20221124
g Правила каталогизации RCR
801 Источник записи _1
a Страна RU
b Организация Ульяновская ОНБ
c Дата составления 20221124
g Правила каталогизации RCR
901 Тип документа __
t Тип документа v
909 Создатель записи __
a Создатель записи Грязнова И. Е.